Statistics for Nine Letter Geography

Click here to take the quiz!

General Stats

  • This quiz has been taken 124 times
  • The average score is 14 of 54

Answer Stats

Answer% Correct
Argentina
61%
Australia
60%
Indonesia
60%
Greenland
59%
Venezuela
55%
New Mexico
47%
Minnesota
45%
Nicaragua
45%
Guatemala
43%
New Jersey
43%
Lithuania
40%
Louisiana
39%
Tennessee
38%
Macedonia
36%
Mauritius
36%
Edinburgh
35%
Wisconsin
34%
Costa Rica
33%
Singapore
33%
Singapore
33%
Amsterdam
31%
Gibraltar
30%
San Marino
28%
San Marino
28%
Stockholm
28%
Bucharest
25%
Reykjavik
25%
Palestine
23%
Islamabad
19%
Mogadishu
19%
Swaziland
19%
Jerusalem
18%
Ljubljana
18%
Nashville
17%
Pyongyang
17%
Cape Verde
16%
Des Moines
16%
East Timor
15%
Kathmandu
15%
Naypyidaw
15%
Podgorica
15%
Phnom Penh
14%
Nuku'alofa
13%
Annapolis
11%
Kingstown
11%
Port Louis
10%
Saint Paul
10%
Bujumbura
9%
Frankfort
9%
Ngerulmud
9%
Porto-Novo
9%
Vientiane
8%
Mackenzie
7%
Yap Trench
3%

Score Distribution

Percentile by Number Answered

Percent of People with Each Score

Your Score History

You have not taken this quiz